000 00993nam a2200289 i 4500
003 EG-ScBUE
005 20241027092611.0
008 131102t2008 waud f b 001 0 eng d
020 _a1438203098
020 _a9781438203096
040 _aEG-ScBUE
_beng
_erda
_cEG-ScBUE
_dEG-ScBUE
082 0 4 _222
_a518.0285
_bKAT
100 1 _934365
_aKattan, Peter I.,
_eauthor.
245 1 0 _aMATLAB for beginners :
_ba gentle approach /
_cPeter I. Kattan
264 1 _a[Washington] :
_bPeter I. Kattan,
_c[2008]
264 4 _cc2008
300 _avii, 286 pages :
_bcharts ;
_c23 cm
336 _2rdacontent
_atext
_btxt
337 _aunmediated
_2rdamedia
_bn
338 _avolume
_bnc
_2rdacarrier
504 _aIncludes bibliographical references and index.
650 7 _911374
_aNumerical analysis
_xData processing.
_2BUEsh
650 7 _923898
_aEngineering mathematics
_xData processing.
_2BUEsh
653 _aMATLAB
_cNovember2013
_cDecember2013
655 _vReading book
_934232
942 _2ddc
_cBB
999 _c17732
_d17704